Normal view
MARC view
- Free, Marvin D
Entry Personal Name
001 - CONTROL NUMBER
- control field: 128809
003 - CONTROL NUMBER IDENTIFIER
- control field: NUST
005 - DATE AND TIME OF LATEST TRANSACTION
- control field: 20250505135350.0
008 - FIXED-LENGTH DATA ELEMENTS
- fixed length control field: 250505|| aca||aabn | a|a d
040 ## - CATALOGING SOURCE
- Original cataloging agency: NUST
- Transcribing agency: NUST
100 ## - HEADING--PERSONAL NAME
- Personal name: Free, Marvin D
670 ## - SOURCE DATA FOUND
- Source citation: Work cat.: (NUST)0: Berger, Ronald J. 128806, Crime, justice, and society :, 2005.
